Jak wykorzystac w przedsiebiorstwach dane o makroekonomicznej efektywnosci poszczególnych kierunków produkcji?

Poľská ekonomická spoločnosť vypracovala v r. 1988 charakteristiky 260 druhov priemyslu. Autor tu odpovedá na otázku, ako tieto informácie prakticky využiť. Deväť charakteristík sa dotýka ekonomiky. Základné odpovede, ktoré možno na základe týchto tabuliek získať.

Guardado en:
Detalles Bibliográficos
Autor principal: Karpinski, A.
Otros Autores: Paradysz, S.
Formato: Capítulo de libro
Lenguaje:polaco
Materias:
Etiquetas: Agregar Etiqueta
Sin Etiquetas, Sea el primero en etiquetar este registro!

MARC

LEADER 00000naa a2200000 4500
001 r006772
005 20221125122450.0
041 0 |a pol 
044 |a PL 
245 1 0 |a Jak wykorzystac w przedsiebiorstwach dane o makroekonomicznej efektywnosci poszczególnych kierunków produkcji?  |c A. Karpiňski, S. Paradysz 
520 |a Poľská ekonomická spoločnosť vypracovala v r. 1988 charakteristiky 260 druhov priemyslu. Autor tu odpovedá na otázku, ako tieto informácie prakticky využiť. Deväť charakteristík sa dotýka ekonomiky. Základné odpovede, ktoré možno na základe týchto tabuliek získať. 
610 2 0 |a informácie hospodárske 
610 2 0 |a priemysel 
610 2 0 |a údaje štatistické 
610 2 0 |a PR 
610 2 0 |a efektívnosť 
610 2 0 |a výroba 
100 1 |a Karpinski, A. 
700 1 |a Paradysz, S.